| 000 | 00915nam a2200301 i 4500 | ||
|---|---|---|---|
| 001 | 200429293 | ||
| 003 | TR-AnTOB | ||
| 005 | 20240729144039.0 | ||
| 007 | ta | ||
| 008 | 180330s2005 tu aho 000 p tur d | ||
| 020 | _a9756669586 | ||
| 040 |
_aTR-AnTOB _beng _erda _cTR-AnTOB |
||
| 041 | 0 | _atur | |
| 050 |
_aPL248.A3648 _bK37 2005 |
||
| 090 |
_aPL248.A3648 _bK37 2005 |
||
| 100 | 1 |
_aAhmet, Funda Sadık _eauthor _919565 |
|
| 245 | 1 | 0 |
_aKardan kız / _cFunda Sadık Ahmet. |
| 250 | _a2. baskı | ||
| 264 | 1 |
_aAnkara : _bYeni Avrasya yayınları, _c2005. |
|
| 300 |
_a120 pages : _billustrations, photos, facsmiles ; _c21 cm. |
||
| 336 |
_atext _btxt _2rdacontent |
||
| 337 |
_aunmediated _bn _2rdamedia |
||
| 338 |
_avolume _bnc _2rdacarrier |
||
| 490 | 0 |
_aYeni Avrasya yayınları yayın nu ; _v45. _aŞiir ; _v2. |
|
| 650 | 7 |
_aTürk şiiri _2etuturkob _984273 |
|
| 942 |
_2lcc _cBK |
||
| 999 |
_c200429293 _d47217 |
||